| 000 | 00391nam a2200157Ia 4500 | ||
|---|---|---|---|
| 008 | 130318s9999 xx 000 0 und d | ||
| 020 | _a8173713111 | ||
| 082 | _a658.45 MAC/L | ||
| 100 | _aMackay, Ian | ||
| 245 | _aListening skills | ||
| 260 |
_bUniversities Press _aHyderabad _c2000 |
||
| 300 | _a62 | ||
| 440 | _aManagement Shapers | ||
| 650 | _aLISTENING | ||
| 650 | _aPERSONAL COMMUNICATION | ||
| 999 |
_c13 _d13 |
||